Statistiques concernant "Depuis quand ça existe" avec David Castello-Lopes

Cliquez ici pour prendre le quiz!

Statistiques générales

  • Ce quiz a été pris 18 fois
  • Le résultat moyen est 6 sur 10

Statistiques - réponses

QuestionRéponse% Correct
Depuis quand ça existe les enfants ramasseurs de balle à Roland-Garros ?En 1974, on remplace les adultes par des enfants car ils sont plus heureux d'être là et s'investissent plus.
78%
Depuis quand ça existe le signe "V" avec les doigts ?En 1941, un belge du nom de Victor de Laveleye imagine ce geste comme signe de ralliement contre les nazis.
72%
Depuis quand ça existe les émojis ?En 1999, les 176 premiers émojis voient le jour au Japon afin d'aider les utilisateurs à faire passer plus d'émotions.
72%
Depuis quand ça existe le basketball ?Le 21 décembre 1891, un prof de sport du Massachussetts met au point cette nouvelle discipline pour ses élèves privés de football en hiver.
72%
Depuis quand ça existe l'auto-tune ?Au printemps 1997, un ingénieur met au point un logiciel pour aider la femme d'un ami à chanter juste.
67%
Depuis quand ça existe le Kabaddi ?On ne sait pas vraiment, mais c'est devenu populaire au début du XXe siècle et c'est un sport professionnel depuis le 26 juillet 2014.
67%
Depuis quand ça existe les alexandrins ?Depuis la fin du XIIe siècle, pour versifier les récits évoquant Alexandre le Grand.
61%
Depuis quand ça existe la bière IPA ?Elle existe depuis le XVIIIe siècle en Inde, et a été redécouverte dans les années 1960 par des américains qui ont brassé leur bière dans leur garage pour dire "Fuck" à l'industrie agro-alimentaire.
56%
Depuis quand ça existe les gens qui disent "Belle journée" ?Une étude "à l'arrache" a révélé une première utilisation de cette expression en 2008.
50%
Les bornes pour noter des trucs de la vraie vie ?Le 23 novembre 2014, dans une épicerie en Finlande.
39%

Distribution des résultats

Percentile par nombre de réponses

% des personnes avec chaque résultat

Votre développement - résultats

Vous n’avez pas pris ce quiz